गोबिन्द-गाथा : (Record no. 116594)
[ view plain ]
| 000 -LEADER | |
|---|---|
| fixed length control field | 01263nam a22002777a 4500 |
| 003 - CONTROL NUMBER IDENTIFIER | |
| control field | dpl |
| 005 - DATE AND TIME OF LATEST TRANSACTION | |
| control field | 20180918135842.0 |
| 008 - FIXED-LENGTH DATA ELEMENTS--GENERAL INFORMATION | |
| fixed length control field | 180918b ||||| |||| 00| 0 eng d |
| 010 ## - LIBRARY OF CONGRESS CONTROL NUMBER | |
| LC control number | B-072146 |
| 020 ## - INTERNATIONAL STANDARD BOOK NUMBER | |
| Terms of availability | 200.00 |
| International Standard Book Number | 8170281660 |
| 035 ## - SYSTEM CONTROL NUMBER | |
| System control number | B-072146, B-072150 |
| 037 ## - SOURCE OF ACQUISITION | |
| Source of stock number/acquisition | Cen Lib/Ret |
| 040 ## - CATALOGING SOURCE | |
| Original cataloging agency | DPL |
| Language of cataloging | HN |
| Transcribing agency | 0 |
| 082 ## - DEWEY DECIMAL CLASSIFICATION NUMBER | |
| Classification number | उ |
| Item number | मिश्रभ |
| 100 ## - MAIN ENTRY--PERSONAL NAME | |
| Personal name | मिश्र, भगवतीशरण |
| 9 (RLIN) | 67316 |
| 245 ## - TITLE STATEMENT | |
| Title | गोबिन्द-गाथा : |
| Statement of responsibility, etc | भगवतीशरण मिश्र |
| Remainder of title | गुरु गोबिन्द सिंह के जीवन पर आधारित उपन्यास / |
| 246 ## - VARYING FORM OF TITLE | |
| Title proper/short title | Gobind-gatha : Guru Gobind Singh ke jeevan par adharit upanyas / |
| Remainder of title | by Bhagwatisharan Mishra |
| 260 ## - PUBLICATION, DISTRIBUTION, ETC. (IMPRINT) | |
| Place of publication, distribution, etc | दिल्ली |
| Name of publisher, distributor, etc | राजपाल एंड सिंस |
| Date of publication, distribution, etc | 2002 |
| 270 ## - ADDRESS | |
| City | दिल्ली |
| Address | कश्मीरी गेट |
| Postal code | 110006 |
| 300 ## - PHYSICAL DESCRIPTION | |
| Extent | 327पृ. |
| Dimensions | 21सेमी (सजिल्द) |
| 650 ## - SUBJECT ADDED ENTRY--TOPICAL TERM | |
| Topical term or geographic name as entry element | हिन्दी साहित्य |
| 9 (RLIN) | 67317 |
| 650 ## - SUBJECT ADDED ENTRY--TOPICAL TERM | |
| Topical term or geographic name as entry element | हिन्दी साहित्य -- उपन्यास |
| 9 (RLIN) | 46379 |
| 650 ## - SUBJECT ADDED ENTRY--TOPICAL TERM | |
| Topical term or geographic name as entry element | Hindi literature |
| 9 (RLIN) | 67318 |
| 650 ## - SUBJECT ADDED ENTRY--TOPICAL TERM | |
| Topical term or geographic name as entry element | Hindi literature -- Fiction |
| 9 (RLIN) | 67319 |
| 942 ## - ADDED ENTRY ELEMENTS (KOHA) | |
| Source of classification or shelving scheme | Dewey Decimal Classification |
| Koha item type | Hindi Books |
| Classification part | उ |
| Call number suffix | मिश्रभ |
| Withdrawn status | Lost status | Damaged status | Not for loan | Home library | Current library | Date acquired | Source of acquisition | Cost, normal purchase price | Total Checkouts | Full call number | Barcode | Date last seen | Date checked out | Copy number | Cost, replacement price | Price effective from | Koha item type | Source of classification or shelving scheme | Collection code |
|---|---|---|---|---|---|---|---|---|---|---|---|---|---|---|---|---|---|---|---|
| Central Library | Central Library | 25/08/2015 | Cen Lib/Ret | 200.00 | 3 | क मिश्रभ | B-072146 | 18/06/2018 | 05/06/2018 | 1 | 200.00 | 25/08/2015 | Hindi Books | ||||||
| Shahdara Branch | Shahdara Branch | 18/09/2018 | BPPD/PUB | 200.00 | उ मिश्रभ | B-072150 | 18/09/2018 | 200.00 | 18/09/2018 | Hindi Books | Dewey Decimal Classification | Fiction |
